Industry urged to shatter glass ceiling (Record no. 82970)
[ view plain ]
| 000 -LEADER | |
|---|---|
| fixed length control field | 00792cab a22001935a 4500 |
| 001 - CONTROL NUMBER | |
| control field | L152453 |
| 008 - FIXED-LENGTH DATA ELEMENTS--GENERAL INFORMATION | |
| fixed length control field | 110309e20111028xxk 000 0 eng d |
| 035 ## - SYSTEM CONTROL NUMBER | |
| System control number | (Sirsi) u152453 |
| 041 0# - LANGUAGE CODE | |
| Language code of text/sound track or separate title | eng |
| 100 1# - MAIN ENTRY--PERSONAL NAME | |
| Personal name | Sidders, Jack |
| 245 00 - TITLE STATEMENT | |
| Title | Industry urged to shatter glass ceiling |
| Remainder of title | leading figure calls for UK contractors to follow Europe's lead and get more women in the boardroom |
| 260 ## - PUBLICATION, DISTRIBUTION, ETC. | |
| Date of publication, distribution, etc. | 2011 |
| 490 ## - SERIES STATEMENT | |
| Series statement | Construction News |
| Volume/sequential designation | (7207) 3 March 2011, 8(1) |
| 520 ## - SUMMARY, ETC. | |
| Summary, etc. | Considers the number of women on construction company boards following the recently published Women on Boards; table of the top 10 contractors boards' total men and women. |
| 590 ## - LOCAL NOTE (RLIN) | |
| Local note | KA |
| 651 #4 - SUBJECT ADDED ENTRY--GEOGRAPHIC NAME | |
| Geographic name | United Kingdom |
| Chronological subdivision | |
| 690 ## - LOCAL SUBJECT ADDED ENTRY--TOPICAL TERM (OCLC, RLIN) | |
| Topical term or geographic name as entry element | MANAGEMENT-BUSINESS MANAGEMENT-DISCRIMINATION-GENDER DISCRIMINATION |
| 942 ## - ADDED ENTRY ELEMENTS (KOHA) | |
| Suppress in OPAC | 0 |
| Withdrawn status | Lost status | Source of classification or shelving scheme | Damaged status | Not for loan | Home library | Current library | Shelving location | Date acquired | Total Checkouts | Full call number | Barcode | Date last seen | Copy number | Price effective from | Koha item type |
|---|---|---|---|---|---|---|---|---|---|---|---|---|---|---|---|
| Dewey Decimal Classification | London | London | Journal article | 09/03/2011 | L152453 | 152453-1001 | 06/08/2019 | 1 | 06/08/2019 | Journal article |